000 00931nam a2200229Ia 4500
005 20241129105939.0
008 241129s9999||||xx |||||||||||||| ||und||
020 _a978-93-5518-324-8
037 _aTB
040 _aARTS
_bhin
_cARTS
041 _ahin
_2urd
084 _aO168,6N27x 152R2
_qARTS
100 _aरज़ा, राही मासूम, ले.
245 0 _aअरबी - फारसी की किस्सागोई भारतीयता की पहचान: दास्तान - ए - तिलिस्म होशरूबा
_cरज़ा, राही मासूम, ले.
260 _aनई दिल्ली, भारत
_bवाणी प्रकाशन
_c2022
300 _a240पृ0
365 _aINR
_b595
546 _aTranslated from Urdu to Hindi
650 _aUrdu Prose
_926866
942 _cTB
_hO168,6N27x 152R2
999 _c1226717
_d1226717